| 000 | 00381nam a2200133Ia 4500 | ||
|---|---|---|---|
| 005 | 20260326100035.0 | ||
| 008 | 260326s9999||||xx |||||||||||||| ||und|| | ||
| 100 | _aAlegría, Ricardo E. | ||
| 245 | 0 |
_aEl Fuerte San Jerónimo del Boquerón / _cRicardo E. Alegría |
|
| 260 | _bInstituto de Cultura Puertorriqueña | ||
| 300 | _a63 p. | ||
| 650 | _aARQUITECTURA REGIONAL | ||
| 942 | _cBK | ||
| 999 |
_c6773 _d6773 |
||